Women of my past / (Record no. 101626)

MARC details
000 -LEADER
fixed length control field 00569nam a22001817a 4500
005 - DATE AND TIME OF LATEST TRANSACTION
control field 20160729153441.0
010 ## - LCCN (DPL NO)
LC control number ENG-115584
020 ## - INTERNATIONAL STANDARD BOOK NUMBER
International Standard Book Number 9788123774077
Terms of availability 295.00
035 ## - SYSTEM CONTROL NUMBER
System control number EN-99116
037 ## - SOURCE OF ACQUISITION
Source of stock number/acquisition DBAD/PUB
082 ## - DEWEY DECIMAL CLASSIFICATION NUMBER
Classification number 891.437
100 ## - MAIN ENTRY--PERSONAL NAME
Personal name Sheela Indra
245 ## - TITLE STATEMENT
Title Women of my past /
Statement of responsibility, etc by Sheela Indra ;trancleted by Abha Sah
260 ## - PUBLICATION, DISTRIBUTION, ETC. (IMPRINT)
Place of publication, distribution, etc New Delhi
Name of publisher, distributor, etc National Book Trust
Date of publication, distribution, etc 2015
270 ## - ADDRESS
Address Nehru Bhawan,5 Industrail Area,Phase-II,Vasant Kunj
City New Delhi
Postal code 110070
300 ## - PHYSICAL DESCRIPTION
Extent 326p. :
Other physical details ill
Dimensions 21cm(pbk)
942 ## - ADDED ENTRY ELEMENTS (KOHA)
Source of classification or shelving scheme Dewey Decimal Classification
Item type English Books
Classification part 891.437
Call number suffix SHE
Holdings
Withdrawn status Lost status Not for loan Collection code Home library Current library Date acquired Source of acquisition Cost, normal purchase price Full call number Barcode Copy number Cost, replacement price Koha item type
    Not For Loan Non-fiction D.B.Act.Division Bawana 29/07/2016 DBAD/PUB 295.00 891.437 SHE EN-99116 1 295.00 English Books

© Delhi Public Library
Hit Counter
free hit counter